Statistics for AFL Team Captains

Click here to take the quiz!

General Stats

  • This quiz has been taken 216 times
  • The average score is 11 of 18

Answer Stats

TeamCaptain% Correct
Geelong CatsJoel Selwood
85%
FremantleNat Fyfe
82%
CollingwoodScott Pendlebury
82%
Adelaide CrowsTaylor Walker
81%
Richmond TigersTrent Cotchin
78%
EssendonDyson Heppell
71%
Carlton BluesMarc Murphy
68%
Melbourne Nathan Jones / Jack Viney
64%
Port AdelaideTravis Boak
63%
Sydney SwansJosh Kennedy
60%
GWS GiantsPhil Davis / Callan Ward
60%
West CoastShannon Hurn
59%
Western BulldogsEaston Wood
55%
North MelbourneJack Ziebell
54%
Gold Coast SunsTom Lynch / Steven May
46%
Brisbane LionsDayne Beams
45%
St. Kilda SaintsJaryn Geary
44%
Hawthorn HawksJarryd Roughead
40%

Score Distribution

Percentile by Number Answered

Percent of People with Each Score

Your Score History

You have not taken this quiz